<?xml version="1.0" encoding="UTF-8"?>
<record
    xmlns:xsi="http://www.w3.org/2001/XMLSchema-instance"
    xsi:schemaLocation="http://www.loc.gov/MARC21/slim http://www.loc.gov/standards/marcxml/schema/MARC21slim.xsd"
    xmlns="http://www.loc.gov/MARC21/slim">

  <leader>02464cam a22002298i 4500</leader>
  <datafield tag="999" ind1=" " ind2=" ">
    <subfield code="c">39040</subfield>
    <subfield code="d">39040</subfield>
  </datafield>
  <datafield tag="020" ind1=" " ind2=" ">
    <subfield code="a">9781032201474</subfield>
  </datafield>
  <datafield tag="020" ind1=" " ind2=" ">
    <subfield code="a">9781032201542</subfield>
  </datafield>
  <datafield tag="082" ind1="0" ind2="0">
    <subfield code="a">306.43</subfield>
    <subfield code="b">ROU-</subfield>
  </datafield>
  <datafield tag="245" ind1="0" ind2="0">
    <subfield code="a">Routledge handbook of the sociology of higher education /</subfield>
    <subfield code="c">Edited by James E. C&#xF4;t&#xE9; and Sarah Pickard.</subfield>
  </datafield>
  <datafield tag="246" ind1="3" ind2="0">
    <subfield code="a">Handbook of the sociology of higher education</subfield>
  </datafield>
  <datafield tag="250" ind1=" " ind2=" ">
    <subfield code="a">Second edition.</subfield>
  </datafield>
  <datafield tag="260" ind1=" " ind2=" ">
    <subfield code="a">Newyork:</subfield>
    <subfield code="b">Routledge,</subfield>
    <subfield code="c">2022.</subfield>
  </datafield>
  <datafield tag="300" ind1=" " ind2=" ">
    <subfield code="a">xviii,428p.</subfield>
  </datafield>
  <datafield tag="504" ind1=" " ind2=" ">
    <subfield code="a">Includes bibliographical references and index.</subfield>
  </datafield>
  <datafield tag="520" ind1=" " ind2=" ">
    <subfield code="a">"Higher education has come under increasing public scrutiny in recent years, assailed with demands for greater efficiency, accountability, cost-reduction and, above all, job training. Drawing upon examples from across the world with an emphasis on Anglo-American higher education systems, this handbook employs sociological approaches to address these pressing concerns. The second edition is thoroughly updated and adds several new chapters to shed further light on the transformations wrought by the interrelated processes of massification, vocationalization and marketisation that have swept through universities in the wake of neoliberal reforms introduced by governments since the 1980s. The handbook explores recent developments in higher education systems and policy as well as the everyday experiences of students and staff and ongoing problems of inequality and diversity within universities. In doing so, the chapters address a number of current issues concerning the legitimacy of higher educational credentials, from the continuing debate regarding traditional pedagogies and the role of universities in social class reproduction to more recent concerns about standards in mass systems. Collectively, this handbook demonstrates that the sociology of higher education has the potential to play a leadership role in improving the myriad higher-education systems around the world that are now part of an interrelated set of subsystems, replete with both persistent problems and promising prospects. This book is therefore necessary reading for a variety of stakeholders within academia as well as professionals and policy makers interested in understanding higher education and the acute challenges it faces"--</subfield>
  </datafield>
  <datafield tag="650" ind1=" " ind2="0">
    <subfield code="a">Education, Higher</subfield>
    <subfield code="x">Social aspects.</subfield>
  </datafield>
  <datafield tag="650" ind1=" " ind2="0">
    <subfield code="a">Educational sociology.</subfield>
  </datafield>
  <datafield tag="650" ind1=" " ind2="0">
    <subfield code="a">Comparative education.</subfield>
  </datafield>
  <datafield tag="700" ind1="1" ind2=" ">
    <subfield code="a">Cote, James E.,</subfield>
    <subfield code="e">editor.</subfield>
  </datafield>
  <datafield tag="700" ind1="1" ind2=" ">
    <subfield code="a">Pickard, Sarah,</subfield>
    <subfield code="e">editor.</subfield>
  </datafield>
  <datafield tag="942" ind1=" " ind2=" ">
    <subfield code="2">ddc</subfield>
    <subfield code="c">BK</subfield>
  </datafield>
  <datafield tag="952" ind1=" " ind2=" ">
    <subfield code="0">0</subfield>
    <subfield code="1">0</subfield>
    <subfield code="4">0</subfield>
    <subfield code="7">0</subfield>
    <subfield code="a">NASSDOC</subfield>
    <subfield code="b">NASSDOC</subfield>
    <subfield code="d">2024-03-21</subfield>
    <subfield code="e">Overseas Press Pvt LTD</subfield>
    <subfield code="g">2976.82</subfield>
    <subfield code="i">20-03-24</subfield>
    <subfield code="l">0</subfield>
    <subfield code="o">306.43 ROU-</subfield>
    <subfield code="p">54173</subfield>
    <subfield code="r">2024-04-27 00:00:00</subfield>
    <subfield code="v">4579.72</subfield>
    <subfield code="w">2024-03-20</subfield>
    <subfield code="y">BK</subfield>
  </datafield>
</record>
